书目信息 |
| 题名: |
毛泽东和他的战友们
|
|
| 作者: | 华林 编 | |
| 分册: | ||
| 出版信息: | 北京 华龄出版社 1990 |
|
| 页数: | 326页 | |
| 开本: | 19cm | |
| 丛书名: | ||
| 单 册: | ||
| 中图分类: | I25 , A752 | |
| 科图分类: | ||
| 主题词: | 报告文学--中国--现代--选集 , 毛泽东--生平事迹 , 毛泽东--传记 | |
| 电子资源: | ||
| ISBN: | 7-80082-022-X | |
| 000 | 00666nam0 2200253 450 | |
| 001 | 1255603404 | |
| 005 | 20120927152930.32 | |
| 010 | @a7-80082-022-X@dCNY4.75 | |
| 100 | @a19981016d1990 em y0chiy0110 ea | |
| 101 | 0 | @achi |
| 102 | @aCN@b110000 | |
| 105 | @ay z 000zy | |
| 106 | @ar | |
| 200 | 1 | @a毛泽东和他的战友们@Amao ze dong he ta de zhan you men@f华林编 |
| 210 | @a北京@c华龄出版社@d1990 | |
| 215 | @a326页@d19cm | |
| 606 | 0 | @a报告文学@y中国@z现代@x选集 |
| 606 | 0 | @a毛泽东@x生平事迹 |
| 606 | 0 | @a毛泽东@x传记 |
| 690 | @aI25@v3 | |
| 690 | @aA752@v4 | |
| 701 | 0 | @a华林@Ahua lin@4编 |
| 801 | 0 | @aCN@bNLC |
| 905 | @a10447@dA752@eJY3 | |
| 毛泽东和他的战友们/华林编 .-北京:华龄出版社,1990 |
| 326页;19cm |
| ISBN 7-80082-022-X:CNY4.75 |
| ● |
| 相关链接 |
|
|
|
|
正题名:毛泽东和他的战友们
索取号:A752/JY3
 
预约/预借
| 序号 | 登录号 | 条形码 | 馆藏地/架位号 | 状态 | 备注 |
| 1 | 7814909 | 278149095 | 学院路分馆/ [索取号:A752/JY3] | 在馆 | |
| 2 | 7814910 | 278149102 | 学院路分馆/ [索取号:A752/JY3] | 在馆 |